| 000 | 00000nam##2200000za#4500 |
| 001 | 9.603086 |
| 003 | CaOODSP |
| 005 | 20210624210908 |
| 007 | cr ||||||||||| |
| 008 | 150406|2000||||xxc|||||o f|0| 0 fre|d |
| 040 | |aCaOODSP|bfre |
| 043 | |an-cn--- |
| 086 | 1 |aH50-3/97-2000F-PDF |
| 110 | 1 |aCanada. |bSanté Canada. |
| 245 | 10|aCônage d'oreille |h[ressource électronique] |
| 260 | |aOttawa - Ontario : |bSanté Canada |cLe 8 septembre 2000. |
| 300 | |a2p. |
| 490 | 1 |aVotre santé et vous |
| 504 | |aBibliographie. |
| 590 | |a12-03-Supp|b2012-02-14 |
| 775 | 08|tEar candling |w(CaOODSP)9.572820 |
| 776 | 0#|tCônage d'oreille |w(CaOODSP)9.625449 |
| 830 | #0|aVotre santé et vous.|w(CaOODSP)9.501134 |
| 856 | 40|ahttp://publications.gc.ca|qPDF|s68Ko|uhttps://publications.gc.ca/collections/Collection/H50-3-97-2000F.pdf |